Liverpool- 2018/19 UEFA Champions League Winners - Statistics

General Stats
  • This quiz has been taken 11 times
  • The average score is 110 of 164
Answer Stats
Hint Answer % Correct
Group Stage- Round 1 Liverpool v Paris Saint-Germain Anfield, Liverpool 18 September 2018 Starting XI GK Brazil Alisson
100%
Group Stage- Round 1
Liverpool v Paris Saint-Germain
Anfield, Liverpool
18 September 2018 Starting XI
LB Scotland Andrew Robertson
100%
Group Stage- Round 1
Liverpool v Paris Saint-Germain
Anfield, Liverpool
18 September 2018 Starting XI
CB Netherlands Virgil Van Dijk
100%
Group Stage- Round 2Napoli v Liverpool Stadio San Paolo, Naples 3 October 2018 Starting XI GK Brazil Alisson
90%
Group Stage- Round 2
Napoli v Liverpool
Stadio San Paolo, Naples
3 October 2018
Starting XI
LB Scotland Andrew Robertson
90%
Group Stage- Round 1
Liverpool v Paris Saint-Germain
Anfield, Liverpool
18 September 2018 Starting XI
CM Netherlands Georginio Wijnaldum
90%
Group Stage- Round 2
Napoli v Liverpool
Stadio San Paolo, Naples
3 October 2018
Starting XI
CM Netherlands Georginio Wijnaldum
90%
Group Stage- Round 1
Liverpool v Paris Saint-Germain
Anfield, Liverpool
18 September 2018 Starting XI
CM England Jordan Henderson
90%
Group Stage- Round 1
Liverpool v Paris Saint-Germain
Anfield, Liverpool
18 September 2018 Starting XI
RW Egypt Mohamed Salah
90%
Group Stage- Round 2
Napoli v Liverpool
Stadio San Paolo, Naples
3 October 2018
Starting XI
RW Egypt Mohamed Salah
90%
Group Stage- Round 2
Napoli v Liverpool
Stadio San Paolo, Naples
3 October 2018
Starting XI
CM Guinea Naby Keita
90%
Group Stage- Round 2
Napoli v Liverpool
Stadio San Paolo, Naples
3 October 2018
Starting XI
ST Brazil Roberto Firmino
90%
Group Stage- Round 1
Liverpool v Paris Saint-Germain
Anfield, Liverpool
18 September 2018 Starting XI
LW Senegal Sadio Mane
90%
Group Stage- Round 2
Napoli v Liverpool
Stadio San Paolo, Naples
3 October 2018
Starting XI
LW Senegal Sadio Mane
90%
Group Stage- Round 1
Liverpool v Paris Saint-Germain
Anfield, Liverpool
18 September 2018 Starting XI
RB England Trent Alexander-Arnold
90%
Group Stage- Round 2
Napoli v Liverpool
Stadio San Paolo, Naples
3 October 2018
Starting XI
RB England Trent Alexander-Arnold
90%
Group Stage- Round 2
Napoli v Liverpool
Stadio San Paolo, Naples
3 October 2018
Starting XI
CB Netherlands Virgil Van Dijk
90%
Group Stage- Round 3
Liverpool v Crvena Zvezda
Anfield, Liverpool
24 October 2018
Starting XI
LB Scotland Andrew Robertson
80%
Group Stage- Round 4
Crvena Zvezda v Liverpool
Red Star Stadium, Belgrade
6 November 2018
Starting XI
LB Scotland Andrew Robertson
80%
Group Stage- Round 1
Liverpool v Paris Saint-Germain
Anfield, Liverpool
18 September 2018 Starting XI
ST England Daniel Sturridge
80%
Group Stage- Round 5 Paris Saint-Germain v Liverpool Parc des Princes, Paris 28 November 2018 Starting XI CB Croatia Dejan Lovren
80%
Group Stage- Round 3
Liverpool v Crvena Zvezda
Anfield, Liverpool
24 October 2018
Starting XI
CM Netherlands Georginio Wijnaldum
80%
Group Stage- Round 4
Crvena Zvezda v Liverpool
Red Star Stadium, Belgrade
6 November 2018
Starting XI
CM Netherlands Georginio Wijnaldum
80%
Group Stage- Round 1
Liverpool v Paris Saint-Germain
Anfield, Liverpool
18 September 2018 Starting XI
CM England James Milner
80%
Group Stage- Round 2
Napoli v Liverpool
Stadio San Paolo, Naples
3 October 2018
Starting XI
CM England James Milner
80%
Group Stage- Round 1
Liverpool v Paris Saint-Germain
Anfield, Liverpool
18 September 2018 Starting XI
CB England Joe Gomez
80%
Group Stage- Round 2
Napoli v Liverpool
Stadio San Paolo, Naples
3 October 2018
Starting XI
CB England Joe Gomez
80%
Group Stage- Round 4
Crvena Zvezda v Liverpool
Red Star Stadium, Belgrade
6 November 2018
Starting XI
CB Cameroon Joel Matip
80%
Group Stage- Round 3
Liverpool v Crvena Zvezda
Anfield, Liverpool
24 October 2018
Starting XI
ST Egypt Mohamed Salah
80%
Group Stage- Round 4
Crvena Zvezda v Liverpool
Red Star Stadium, Belgrade
6 November 2018
Starting XI
RW Egypt Mohamed Salah
80%
Group Stage- Round 3
Liverpool v Crvena Zvezda
Anfield, Liverpool
24 October 2018
Starting XI
CAM Brazil Roberto Firmino
80%
Group Stage- Round 3
Liverpool v Crvena Zvezda
Anfield, Liverpool
24 October 2018
Starting XI
LM Senegal Sadio Mane
80%
Group Stage- Round 4
Crvena Zvezda v Liverpool
Red Star Stadium, Belgrade
6 November 2018
Starting XI
LW Senegal Sadio Mane
80%
Group Stage- Round 3
Liverpool v Crvena Zvezda
Anfield, Liverpool
24 October 2018
Starting XI
RB England Trent Alexander-Arnold
80%
Group Stage- Round 4
Crvena Zvezda v Liverpool
Red Star Stadium, Belgrade
6 November 2018
Starting XI
RB England Trent Alexander-Arnold
80%
Group Stage- Round 3
Liverpool v Crvena Zvezda
Anfield, Liverpool
24 October 2018
Starting XI
CB Netherlands Virgil Van Dijk
80%
Group Stage- Round 4
Crvena Zvezda v Liverpool
Red Star Stadium, Belgrade
6 November 2018
Starting XI
CB Netherlands Virgil Van Dijk
80%
Group Stage- Round 3
Liverpool v Crvena Zvezda
Anfield, Liverpool
24 October 2018
Starting XI
RW Switzerland Xherdan Shaqiri
80%
Group Stage- Round 5Paris Saint-Germain v Liverpool Parc des Princes, Paris 28 November 2018 Starting XI GK Brazil Alisson
70%
Group Stage- Round 5
Paris Saint-Germain v Liverpool
Parc des Princes, Paris
28 November 2018
Starting XI
LB Scotland Andrew Robertson
70%
Group Stage- Round 6 Liverpool v Napoli Anfield, Liverpool 11 December 2018 Starting XI LB Scotland Andrew Robertson
70%
Round of 16- 1st leg
Liverpool v Bayern Munich
Anfield, Liverpool
19 February 2019
Starting XI
LB Scotland Andrew Robertson
70%
Round of 16- 2nd leg Bayern Munich v Liverpool Allianz Arena, Munich 13 March 2019 Starting XI LB Scotland Andrew Robertson
70%
Quarter-Final- 2nd leg
Porto v Liverpool
Estadio do Dragao
17 April 2019
Starting XI
LB Scotland Andrew Robertson
70%
Semi-Final- 1st leg
Barcelona v Liverpool
Camp Nou, Barcelona
1 May 2019
Starting XI
LB Scotland Andrew Robertson
70%
Semi-Final- 2nd leg
Liverpool v Barcelona
Anfield, Liverpool
7 May 2019
Starting XI
LB Scotland Andrew Robertson
70%
Final
Tottenham Hotspur v Liverpool
Wanda Metropolitano, Madrid
1 June 2019
Starting XI
LB Scotland Andrew Robertson
70%
Group Stage- Round 4 Crvena Zvezda v Liverpool Red Star Stadium, Belgrade 6 November 2018 Starting XI ST England Daniel Sturridge
70%
Quarter-Final- 1st leg
Liverpool v Porto
Anfield, Liverpool
9 April 2019
Starting XI
CB Croatia Dejan Lovren
70%
Group Stage- Round 3
Liverpool v Crvena Zvezda
Anfield, Liverpool
24 October 2018
Starting XI
CM Brazil Fabinho
70%
Group Stage- Round 5
Paris Saint-Germain v Liverpool
Parc des Princes, Paris
28 November 2018
Starting XI
CM Netherlands Georginio Wijnaldum
70%
Group Stage- Round 6 Liverpool v Napoli Anfield, Liverpool 11 December 2018 Starting XI CM Netherlands Georginio Wijnaldum
70%
Round of 16- 1st leg
Liverpool v Bayern Munich
Anfield, Liverpool
19 February 2019
Starting XI
CM Netherlands Georginio Wijnaldum
70%
Round of 16- 2nd leg
Bayern Munich v Liverpool
Allianz Arena, Munich
13 March 2019
Starting XI
CM Netherlands Georginio Wijnaldum
70%
Quarter-Final- 2nd leg
Porto v Liverpool
Estadio do Dragao
17 April 2019
Starting XI
CM Netherlands Georginio Wijnaldum
70%
Final
Tottenham Hotspur v Liverpool
Wanda Metropolitano, Madrid
1 June 2019
Starting XI
CM Netherlands Georginio Wijnaldum
70%
Group Stage- Round 4
Crvena Zvezda v Liverpool
Red Star Stadium, Belgrade
6 November 2018
Starting XI
CM England James Milner
70%
Quarter-Final- 1st leg
Liverpool v Porto
Anfield, Liverpool
9 April 2019
Starting XI
LB England James Milner
70%
Group Stage- Round 3
Liverpool v Crvena Zvezda
Anfield, Liverpool
24 October 2018
Starting XI
CB England Joe Gomez
70%
Group Stage- Round 6 Liverpool v Napoli Anfield, Liverpool 11 December 2018 Starting XI CB Cameroon Joel Matip
70%
Round of 16- 1st leg
Liverpool v Bayern Munich
Anfield, Liverpool
19 February 2019
Starting XI
CB Cameroon Joel Matip
70%
Round of 16- 2nd leg
Bayern Munich v Liverpool
Allianz Arena, Munich
13 March 2019
Starting XI
CB Cameroon Joel Matip
70%
Quarter-Final- 2nd leg
Porto v Liverpool
Estadio do Dragao
17 April 2019
Starting XI
CB Cameroon Joel Matip
70%
Semi-Final- 1st leg Barcelona v Liverpool Camp Nou, Barcelona 1 May 2019 Starting XI CB Cameroon Joel Matip
70%
Semi-Final- 2nd leg
Liverpool v Barcelona
Anfield, Liverpool
7 May 2019
Starting XI
CB Cameroon Joel Matip
70%
Final
Tottenham Hotspur v Liverpool
Wanda Metropolitano, Madrid
1 June 2019
Starting XI
CB Cameroon Joel Matip
70%
Group Stage- Round 5 Paris Saint-Germain v Liverpool Parc des Princes, Paris 28 November 2018 Starting XI CM England Jordan Henderson
70%
Group Stage- Round 6 Liverpool v Napoli Anfield, Liverpool 11 December 2018 Starting XI CM England Jordan Henderson
70%
Round of 16- 1st leg
Liverpool v Bayern Munich
Anfield, Liverpool
19 February 2019
Starting XI
CM England Jordan Henderson
70%
Round of 16- 2nd leg
Bayern Munich v Liverpool
Allianz Arena, Munich
13 March 2019
Starting XI
CM England Jordan Henderson
70%
Quarter-Final- 1st leg
Liverpool v Porto
Anfield, Liverpool
9 April 2019
Starting XI
CM England Jordan Henderson
70%
Semi-Final- 2nd leg
Liverpool v Barcelona
Anfield, Liverpool
7 May 2019
Starting XI
CM England Jordan Henderson
70%
Final
Tottenham Hotspur v Liverpool
Wanda Metropolitano, Madrid
1 June 2019
Starting XI
CM England Jordan Henderson
70%
Group Stage- Round 5
Paris Saint-Germain v Liverpool
Parc des Princes, Paris
28 November 2018
Starting XI
RW Egypt Mohamed Salah
70%
Group Stage- Round 6
Liverpool v Napoli
Anfield, Liverpool
11 December 2018
Starting XI
RW Egypt Mohamed Salah
70%
Round of 16- 1st leg
Liverpool v Bayern Munich
Anfield, Liverpool
19 February 2019
Starting XI
RW Egypt Mohamed Salah
70%
Round of 16- 2nd leg Bayern Munich v Liverpool Allianz Arena, Munich 13 March 2019 Starting XI LW Egypt Mohamed Salah
70%
Quarter-Final- 1st leg Liverpool v Porto Anfield, Liverpool 9 April 2019 Starting XI RW Egypt Mohamed Salah
70%
Quarter-Final- 2nd leg
Porto v Liverpool
Estadio do Dragao
17 April 2019
Starting XI
RW Egypt Mohamed Salah
70%
Semi-Final- 1st leg
Barcelona v Liverpool
Camp Nou, Barcelona
1 May 2019
Starting XI
RW Egypt Mohamed Salah
70%
Final
Tottenham Hotspur v Liverpool
Wanda Metropolitano, Madrid
1 June 2019
Starting XI
RW Egpyt Mohamed Salah
70%
Round of 16- 1st leg Liverpool v Bayern Munich Anfield, Liverpool 19 February 2019 Starting XI CM Guinea Naby Keita
70%
Quarter-Final- 1st leg Liverpool v Porto Anfield, Liverpool 9 April 2019 Starting XI CM Guinea Naby Keita
70%
Semi-Final- 1st leg Barcelona v Liverpool Camp Nou, Barcelona 1 May 2019 Starting XI CM Guinea Naby Keita
70%
Group Stage- Round 5
Paris Saint-Germain v Liverpool
Parc des Princes, Paris
28 November 2018
Starting XI
ST Brazil Roberto Firmino
70%
Group Stage- Round 6 Liverpool v Napoli Anfield, Liverpool 11 December 2018 Starting XI ST Brazil Roberto Firmino
70%
Round of 16- 1st leg
Liverpool v Bayern Munich
Anfield, Liverpool
19 February 2019
Starting XI
ST Brazil Roberto Firmino
70%
Round of 16- 2nd leg
Bayern Munich v Liverpool
Allianz Arena, Munich
13 March 2019
Starting XI
ST Brazil Roberto Firmino
70%
Quarter-Final- 1st leg
Liverpool v Porto
Anfield, Liverpool
9 April 2019
Starting XI
ST Brazil Roberto Firmino
70%
Final
Tottenham Hotspur v Liverpool
Wanda Metropolitano, Madrid
1 June 2019
Starting XI
ST Brazil Roberto Firmino
70%
Group Stage- Round 5 Paris Saint-Germain v Liverpool Parc des Princes, Paris 28 November 2018 Starting XI LW Senegal Sadio Mane
70%
Group Stage- Round 6 Liverpool v Napoli Anfield, Liverpool 11 December 2018 Starting XI LW Senegal Sadio Mane
70%
Round of 16- 1st leg
Liverpool v Bayern Munich
Anfield, Liverpool
19 February 2019
Starting XI
LW Senegal Sadio Mane
70%
Round of 16- 2nd leg
Bayern Munich v Liverpool
Allianz Arena, Munich
13 March 2019
Starting XI
RW Senegal Sadio Mane
70%
Quarter-Final- 1st leg Liverpool v Porto Anfield, Liverpool 9 April 2019 Starting XI LW Senegal Sadio Mane
70%
Quarter-Final- 2nd leg
Porto v Liverpool
Estadio do Dragao
17 April 2019
Starting XI
ST Senegal Sadio Mane
70%
Semi-Final- 1st leg
Barcelona v Liverpool
Camp Nou, Barcelona
1 May 2019
Starting XI
LW Senegal Sadio Mane
70%
Semi-Final- 2nd leg Liverpool v Barcelona Anfield, Liverpool 7 May 2019 Starting XI LW Senegal Sadio Mane
70%
Final
Tottenham Hotspur v Liverpool
Wanda Metropolitano, Madrid
1 June 2019
Starting XI
LW Senegal Sadio Mane
70%
Group Stage- Round 6 Liverpool v Napoli Anfield, Liverpool 11 December 2018 Starting XI RB England Trent Alexander-Arnold
70%
Round of 16- 1st leg
Liverpool v Bayern Munich
Anfield, Liverpool
19 February 2019
Starting XI
RB England Trent Alexander-Arnold
70%
Round of 16- 2nd leg
Bayern Munich v Liverpool
Allianz Arena, Munich
13 March 2019
Starting XI
RB England Trent Alexander-Arnold
70%
Quarter-Final- 1st leg Liverpool v Porto Anfield, Liverpool 9 April 2019 Starting XI RB England Trent Alexander-Arnold
70%
Quarter-Final- 2nd leg
Porto v Liverpool
Estadio do Dragao
17 April 2019
Starting XI
RB England Trent Alexander-Arnold
70%
Semi-Final- 2nd leg
Liverpool v Barcelona
Anfield, Liverpool
7 May 2019
Starting XI
RB England Trent Alexander-Arnold
70%
Final
Tottenham Hotspur v Liverpool
Wanda Metropolitano, Madrid
1 June 2019
Starting XI
RB England Trent Alexander-Arnold
70%
Group Stage- Round 5
Paris Saint-Germain v Liverpool
Parc des Princes, Paris
28 November 2018
Starting XI
CB Netherlands Virgil Van Dijk
70%
Group Stage- Round 6 Liverpool v Napoli Anfield, Liverpool 11 December 2018 Starting XI CB Netherlands Virgil Van Dijk
70%
Round of 16- 2nd leg
Bayern Munich v Liverpool
Allianz Arena, Munich
13 March 2019
Starting XI
CB Netherlands Virgil Van Dijk
70%
Quarter-Final- 1st leg
Liverpool v Porto
Anfield, Liverpool
9 April 2019
Starting XI
CB Netherlands Virgil Van Dijk
70%
Quarter-Final- 2nd leg Porto v Liverpool Estadio do Dragao 17 April 2019 Starting XI CB Netherlands Virgil Van Dijk
70%
Semi-Final- 1st leg
Barcelona v Liverpool
Camp Nou, Barcelona
1 May 2019
Starting XI
CB Netherlands Virgil Van Dijk
70%
Semi-Final- 2nd leg
Liverpool v Barcelona
Anfield, Liverpool
7 May 2019
Starting XI
CB Netherlands Virgil Van Dijk
70%
Final
Tottenham Hotspur v Liverpool
Wanda Metropolitano, Madrid
1 June 2019
Starting XI
CB Netherlands Virgil Van Dijk
70%
Semi-Final- 2nd leg Liverpool v Barcelona Anfield, Liverpool 7 May 2019 Starting XI RW Switzerland Xherdan Shaqiri
70%
Group Stage- Round 3Liverpool v Crvena Zvezda Anfield, Liverpool 24 October 2018 Starting XI GK Brazil Alisson Becker
60%
Group Stage- Round 4 Crvena Zvezda v Liverpool Red Star Stadium, Belgrade 6 November 2018 Starting XI GK Brazil Alisson Becker
60%
Quarter-Final- 2nd leg Porto v Liverpool Estadio do Dragao 17 April 2019 Starting XI LW Belgium Divock Origi
60%
Semi-Final- 2nd leg
Liverpool v Barcelona
Anfield, Liverpool
7 May 2019
Starting XI
ST Belgium Divock Origi
60%
Round of 16- 1st leg
Liverpool v Bayern Munich
Anfield, Liverpool
19 February 2019
Starting XI
CB Brazil Fabinho
60%
Quarter-Final- 1st leg
Liverpool v Porto
Anfield, Liverpool
9 April 2019
Starting XI
CM Brazil Fabinho
60%
Quarter-Final- 2nd leg
Porto v Liverpool
Estadio do Dragao
17 April 2019
Starting XI
CM Brazil Fabinho
60%
Semi-Final- 1st leg
Barcelona v Liverpool
Camp Nou, Barcelona
1 May 2019
Starting XI
CM Brazil Fabinho
60%
Semi-Final- 2nd leg
Liverpool v Barcelona
Anfield, Liverpool
7 May 2019
Starting XI
CM Brazil Fabinho
60%
Final
Tottenham Hotspur v Liverpool
Wanda Metropolitano, Madrid
1 June 2019
Starting XI
CM Brazil Fabinho
60%
Group Stage- Round 5
Paris Saint-Germain v Liverpool
Parc des Princes, Paris
28 November 2018
Starting XI
CM England James Milner
60%
Group Stage- Round 6 Liverpool v Napoli Anfield, Liverpool 11 December 2018 Starting XI CM England James Milner
60%
Round of 16- 2nd leg Bayern Munich v Liverpool Allianz Arena, Munich 13 March 2019 Starting XI CM England James Milner
60%
Quarter-Final- 2nd leg Porto v Liverpool Estadio do Dragao 17 April 2019 Starting XI CM England James Milner
60%
Semi-Final- 1st leg
Barcelona v Liverpool
Camp Nou, Barcelona
1 May 2019
Starting XI
CM England James Milner
60%
Semi-Final- 2nd leg
Liverpool v Barcelona
Anfield, Liverpool
7 May 2019
Starting XI
|CM England James Milner
60%
Group Stage- Round 5
Paris Saint-Germain v Liverpool
Parc des Princes, Paris
28 November 2018
Starting XI
RB England Joe Gomez
60%
Semi-Final- 1st leg
Barcelona v Liverpool
Camp Nou, Barcelona
1 May 2019
Starting XI
RB England Joe Gomez
60%
Liverpool - Paris Saint Germain 3-2 PSG Goalscorers? MeunierMbappe
60%
Liverpool - Paris Saint Germain 3-2 Liverpool Goalscorers? SturridgeMilner Firmino
60%
Group Stage- Round 6 Liverpool v Napoli Anfield, Liverpool 11 December 2018 Starting XI GK Brazil Alisson Becker
50%
Round of 16- 1st legLiverpool v Bayern Munich Anfield, Liverpool 19 February 2019 Starting XI GK Brazil Alisson Becker
50%
Round of 16- 2nd legBayern Munich v Liverpool Allianz Arena, Munich 13 March 2019 Starting XI GK Brazil Alisson Becker
50%
Quarter-Final- 1st legLiverpool v Porto Anfield, Liverpool 9 April 2019 Starting XI GK Brazil Alisson Becker
50%
Quarter-Final- 2nd legPorto v Liverpool Estadio do Dragao 17 April 2019 Starting XI GK Brazil Alisson Becker`
50%
Semi-Final- 1st legBarcelona v Liverpool Camp Nou, Barcelona 1 May 2019 Starting XI GK Brazil Alisson Becker
50%
Semi-Final- 2nd legLiverpool v Barcelona Anfield, Liverpool 7 May 2019 Starting XI GK Brazil Alisson Becker
50%
Final Tottenham Hotspur v Liverpool Wanda Metropolitano, Madrid 1 June 2019 Starting XI GK Brazil Alisson Becker
50%
Top 5 Goalscorers Belgium 3 goals Divock Origi
50%
Liverpool- Red Star Belgrade 4-0 Liverpool Goalscorers? FirminoSalah Mane
50%
Top 5 Goalscorers England 2 goals James Milner
50%
Bayern Munich- Liverpool 1-3 Liverpool Goalscorers ManeVan Dijk
50%
Top 5 Goalscorers Egypt 5 goals Mohamed Salah
50%
Liverpool-Barcelona 4-0 Liverpool Goalscorers OrigiWijnaldum
50%
Top 5 Goalscorers Brazil 4 goals Roberto Firmino
50%
Top 5 Goalscorers Senegal 4 goals Sadio Mane
50%
Liverpool- Napoli 1-0 Liverpool Goalscorers? Salah
50%
Barcelona-Liverpool 3-0 Barca Goalscorers SuarezMessi
50%
Liverpool- Porto 2-0 Liverpool Goalscorers KeitaFirmino
40%
Paris Saint-Germain- Liverpool 2-1 Liverpool Goalscorers? Milner
40%
Tottenham-Liverpool 0-2 Liverpool Goalscorers SalahOrigi
40%
Group Stage- Round 4 Crvena Zvezda v Liverpool Red Star Stadium, Belgrade 6 November 2018 Starting XI CM England Adam Lallana
30%
Paris Saint-Germain- Liverpool 2-1 PSG Goalscorers? BernatNeymar
30%
Porto-Liverpool 1-4 Liverpool Goalscorers ManeSalah Firmino Van Dijk
30%
Bayern Munich- Liverpool 1-3 Bayern Goalscorer (O.G.) Matip
30%
Napoli- Liverpool 1-0 Napoli Goalscorer? Insigne
20%
Semi-Final- 1st leg
Barcelona v Liverpool
Camp Nou, Barcelona
1 May 2019
Starting XI
ST Netherlands Georginio Wijnaldun
0%
Porto-Liverpool 1-4 Porto Goalscorer Militao
0%
Red Star Belgrade- Liverpool 2-0 Red Star Goalscorer? Pavkov
0%
No matching quizzes found
Score Distribution
Percent of People with Each Score
Percentile by Number Answered
Your Score History
You have not taken this quiz